| 000 -LEADER |
| fixed length control field |
00929nam a22003017a 4500 |
| 001 - CONTROL NUMBER |
| control field |
20682 |
| 003 - CONTROL NUMBER IDENTIFIER |
| control field |
BD-DhUAP |
| 005 - DATE AND TIME OF LATEST TRANSACTION |
| control field |
20210104135254.0 |
| 008 - FIXED-LENGTH DATA ELEMENTS--GENERAL INFORMATION |
| fixed length control field |
210104r20142015ii a 001 0 eng |
| 010 ## - LIBRARY OF CONGRESS CONTROL NUMBER |
| LC control number |
2014033129 |
| 020 ## - INTERNATIONAL STANDARD BOOK NUMBER |
| International Standard Book Number |
9789332518285 |
| 040 ## - CATALOGING SOURCE |
| Original cataloging agency |
DLC |
| Language of cataloging |
eng |
| Transcribing agency |
BD-DhUAP |
| Modifying agency |
BD-DhUAP |
| 082 00 - DEWEY DECIMAL CLASSIFICATION NUMBER |
| Edition number |
23 |
| Classification number |
332.6323 FAB |
| 100 1# - MAIN ENTRY--PERSONAL NAME |
| Personal name |
Fabozzi, Frank J. |
| 9 (RLIN) |
36425 |
| 245 10 - TITLE STATEMENT |
| Title |
Bond markets, analysis, and strategies / |
| Statement of responsibility, etc. |
Frank J. Fabozzi. |
| 250 ## - EDITION STATEMENT |
| Edition statement |
8th ed. |
| 260 ## - PUBLICATION, DISTRIBUTION, ETC. |
| Place of publication, distribution, etc. |
New Delhi : |
| Name of publisher, distributor, etc. |
Pearson, |
| Date of publication, distribution, etc. |
c2014 [2015]. |
| 300 ## - PHYSICAL DESCRIPTION |
| Extent |
699 pages : |
| Other physical details |
illustrations ; |
| Dimensions |
25 cm. |
| 504 ## - BIBLIOGRAPHY, ETC. NOTE |
| Bibliography, etc. note |
Includes bibliographical references and index. |
| 526 ## - STUDY PROGRAM INFORMATION NOTE |
| Program name |
BBS |
| 650 #0 - SUBJECT ADDED ENTRY--TOPICAL TERM |
| Topical term or geographic name entry element |
Bonds. |
| 9 (RLIN) |
36426 |
| 650 #0 - SUBJECT ADDED ENTRY--TOPICAL TERM |
| Topical term or geographic name entry element |
Investment analysis. |
| 9 (RLIN) |
36427 |
| 650 #0 - SUBJECT ADDED ENTRY--TOPICAL TERM |
| Topical term or geographic name entry element |
Portfolio management. |
| 9 (RLIN) |
36428 |
| 650 #0 - SUBJECT ADDED ENTRY--TOPICAL TERM |
| Topical term or geographic name entry element |
Bond market. |
| 9 (RLIN) |
36429 |
| 650 #0 - SUBJECT ADDED ENTRY--TOPICAL TERM |
| Topical term or geographic name entry element |
Brand name products |
| General subdivision |
Management. |
| 9 (RLIN) |
36430 |
| 942 ## - ADDED ENTRY ELEMENTS (KOHA) |
| Source of classification or shelving scheme |
|
| Koha item type |
Book |